000 00438nam a2200181Ia 4500
001 16319
005 20260306170300.0
008 260306t2007||||xx |||||||||||||| ||und||
041 _aESP
082 _a348.2
_bP27
100 _aPasquel, Enrique [comp.]
_eAUT
245 0 _aEl derecho de la competencia desleal
260 _c2007
300 _a398 páginas :
_c24 cm.
650 _aGEN
654 _aCDE
942 _cLIB
_dJUS
_fJUS
_2ddc
_n
999 _c16319
_d16319